| 000 | 00343nam a22001577a 4500 | ||
|---|---|---|---|
| 003 | SGT | ||
| 020 | _a978-81-937640-2-2 | ||
| 082 |
_a618.92 _bA19A |
||
| 100 | _aAGARWAL, RAMESH | ||
| 245 | _aAIIMS PROTOCOL IN NEONATOLOGY | ||
| 250 | _a2ND | ||
| 260 |
_aINDAI _bNOBLE PUB _c2019 |
||
| 300 | _a416 | ||
| 650 | _aPEDIATRICS | ||
| 942 |
_2ddc _cBK |
||
| 999 |
_c19629 _d19629 |
||